Filmterror és az identitástudatunk. {Teroarea filmului si cimstiinta identitatii noastre}. [The terror of moving pictures and our identity]
Elmentve itt :
| Szerző: | |
|---|---|
| Adatforrás: | Meister |
| Forrásdokumentuma: | Korunk. - 2001. 1, 119-120. |
| Nyelv: | magyar |
| Kulcsszavak: | jegyzet nota note film motion pictures |
| LEADER | 00525nab a2200169 i 4500 | ||
|---|---|---|---|
| 001 | bibPRO00011730 | ||
| 008 | 080908s2001 xx hun | ||
| 040 | |a Sz1 | ||
| 041 | |a hun | ||
| 100 | 1 | |a JAKAB-BENKE Nándor | |
| 245 | 1 | 0 | |a Filmterror és az identitástudatunk. {Teroarea filmului si cimstiinta identitatii noastre}. [The terror of moving pictures and our identity] |c JAKAB-BENKE Nándor |
| 695 | |a jegyzet | ||
| 695 | |a nota | ||
| 695 | |a note | ||
| 695 | |a film | ||
| 695 | |a motion pictures | ||
| 773 | 0 | |t Korunk. - |g 2001. 1, 119-120. | |